Acuerdo de unión civil: análisis de ley 20.830

Saved in:
Bibliographic Details
Main Author: Garrido Chacana, Carlos
Format: Book
Language:Spanish
Published: Santiago Metropolitana 2015
Edition:1a. ed
Subjects:
Tags: Add Tag
No Tags, Be the first to tag this record!

MARC

LEADER 00000cam a2200000 a 4500
001 UCE9009
003 CL-VaPUC
008 150928e20150000cl |||||||||||||||||spa|d
020 |a 9789562862011 
082 0 4 |a 346.016  |b GAR  |2 21 
100 |a Garrido Chacana, Carlos  |9 737472 
245 1 0 |a Acuerdo de unión civil: análisis de ley 20.830 
250 |a 1a. ed 
300 |a 231 p 
942 |c BK 
945 |d 20150928 14:01:00  |a dcastane 
260 |a Santiago  |b Metropolitana  |c 2015 
650 0 |a Matrimonio civil  |9 385406 
650 0 |a Homosexualidad  |9 255614 
583 |a last modification  |c 20150928 14:01:00  |k Rodrigo Vera 
999 |c 360752  |d 360750 
952 |0 0  |1 0  |3 erb  |4 0  |6 346_016000000000000_GAR_2015  |7 0  |8 A  |9 470684  |a BIBDER  |b BIBDER  |i 5199328  |o 346.016 GAR 2015  |p 5199328  |r 2023-01-25  |w 2019-11-23  |y BK  |z Catalogado en:20150928  |k DER